000 00801pam a2200265 a 4500
001 33870
005 20230410101711.0
008 880317s1988 nyua b 001 0 eng
035 _9(DLC) 88006712
035 _a4800683
010 _a88006712
020 _a0938291017 :
_c$60.00
040 _aDLC
_cDLC
_dDLC
043 _anwht---
050 1 4 _a110 N 6606.5
_bR693w 1988
082 0 0 _a759.97294
_219
100 1 _aRodman, Selden,
_d1909-2002
245 1 0 _aWhere art is joy :
_bHaitian art : the first forty years /
_cSelden Rodman.
260 _aNew York :
_bRuggles de Latour,
_cc1988.
300 _a236 p. :
_bill. (some col.) ;
_c31 cm.
504 _aIncludes bibliographical references and index.
650 0 _aArt, Haitian.
650 0 _aPrimitivism in art
_zHaiti.
942 _2lcc
_cbk
999 _c12333
_d12333